| 000 | 00354nam a2200145Ia 4500 | ||
|---|---|---|---|
| 008 | 230917s9999||||xx |||||||||||||| ||und|| | ||
| 040 |
_e55275 _aMAIN |
||
| 041 | _aEnglish | ||
| 082 | _a879.4 M861I | ||
| 100 | _aMoulik, Achala | ||
| 245 | 0 | _aImmortals of Italian literature | |
| 260 |
_aNew Delhi _bVikas _c1988 |
||
| 300 | _aviii, 243 p. | ||
| 942 | _cBK | ||
| 999 |
_c78729 _d78729 |
||